000 01200nas a2200325 i 4500
001 906
003 ES-MaACL
005 20260201140948.0
007 t|
008 950801d18761894sp | | 1 ||pa d
080 _a63
245 0 0 _aGaceta agrícola del Ministerio de Fomento /
_c[dir., Miguel López Martínez].
260 _aMadrid :
_bImp. Manuel G. Hernández,
_c1876-1894.
300 _a65 v. ;
_c24 cm.
310 _aQuincenal
362 0 _aT. 1-3ª época, t. 40 (16 dic. 1894)
500 _a2ª época (1882)
500 _a3ª época (1885)
500 _aA partir de 1879 se publican 4 tomos anuales.
530 _aDisponible en formato digital.
650 1 4 _aAgricultura-
_zEspaña-
_yS.XIX
_99682
650 4 _aInstituciones científicas y diversas
_913829
700 1 _aLópez Martínez, Miguel.
_9227548
710 1 _aEspaña.
_bMinisterio de Fomento.
_93868
787 0 _aAlmanaque de la Gaceta agrícola del Ministerio de Fomento
852 _aES-MaACL
_jK-77
856 _uhttp://hemerotecadigital.bne.es/details.vm?o=&w=2171-6412&f=issn&l=500
_zHemeroteca Digital
866 0 _o1876-80(1881f.t.XXI)1882(1883f.t.V-VI),1885-89(1890f.t.1y4)1891-94
999 _c906
_d906